000 00791nam a2200253 i 4500
001 178113
003 ES-MaACL
005 20250809033909.0
007 t|
008 110518s1964 sp r ||||1| spa d
080 _a316
080 _a340.122
100 1 _aMessner, Johannes.
_980690
245 1 0 _aSociología moderna y derecho natural /
_cJohannes Messner ; [traducción de Alejandro Ros].
260 _aBarcelona :
_bHerder,
_c1964.
300 _a75 p. ;
_c18 cm.
490 1 _aPequeña biblioteca Herder ;
_v38
650 0 7 _aSociología
_2embne
_917195
650 0 7 _aDerecho natural
_2embne
_911744
700 0 _aRos, Alejandro.
_999564
830 0 _aPequeña biblioteca Herder ;
_v38
_9190720
852 _aES-MaACL
_jE-15142
_xOlim P-274
999 _c178113
_d178113